[Event "Belgrade RAD 30"]
[Site "Belgrade"]
[Date "1977.01.23"]
[Round "7.6"]
[White "Bukic, Enver"]
[Black "Andersson, Ulf"]
[Result "0-1"]
[WhiteElo "2480"]
[BlackElo "2565"]
[Annotator "Primel,D"]
[PlyCount "112"]
[EventDate "1977.01.15"]
[EventType "tourn"]
[EventRounds "13"]
[EventCountry "SRB"]
[EventCategory "9"]
[SourceTitle "EXT 2018"]
[Source "ChessBase"]
[SourceDate "2017.10.13"]
[SourceVersion "1"]
[SourceVersionDate "2017.10.13"]
[SourceQuality "1"]
[TimeControl "40/9000:16/5400:0"]

1. d4 Nf6 2. c4 c6 3. Nf3 d5 4. e3 e6 5. Nbd2 Nbd7 6. Bd3 Be7 (6... Bd6 {
La grande ligne}) 7. O-O O-O 8. b3 b6 9. Bb2 Bb7 10. Qe2 Rc8 (10... c5 11. Rfd1
Rc8) 11. Rad1 (11. Ne5 c5 12. f4 Ne4 13. Bxe4 dxe4 14. Rad1 cxd4 15. Nxe4 Nxe5
16. fxe5 Bxe4 17. Rxd4 Bd5 18. cxd5 Bc5 19. Rd3 exd5 20. Qf3 Qg5 21. Kh1 h6 22.
h3 Rc7 23. Kh2 Rfc8 24. Qxd5 Qg6 25. Rfd1 Be7 {Eljanov,P (2760)-Van Wely,L 
(2640) Wijk aan Zee 2016 1-0 (38)}) 11... c5 $146 (11... Qc7 12. e4 $14 {
Ahues,C-Rellstab,L Berlin 1931 (4) 1-0}) 12. Ne5 cxd4 13. exd4 dxc4 14. bxc4
Nxe5 15. Qxe5 Qc7 $132 {La position reste équilibrée mais les Noirs doivent
éviter les échanges de pièces pour miser sur le millieu de jeu car sinon le
potentiel dynamque des P pendants diminue u moindre échange et le GMI est un
redoutable joueur technique.} 16. Qe3 {Avec des P pendants, les Blancs doivent
éviter les échanges} Ng4 17. Qh3 f5 18. d5 $1 exd5 19. Bxf5 Rxf5 20. Qxg4 Rf7
21. cxd5 Bxd5 {[%csl Gd5] La position s'est simplifié et les Blancs ont
réussi à se débarasser des P pendants mais au détriment de la paire de B}
22. Nb3 Rd8 23. Rd2 {[%cal Gf1d1]} Bxb3 24. Rxd8+ Qxd8 25. axb3 Qd5 26. Qd1 (
26. Rd1 Qxb3) 26... Qxd1 27. Rxd1 Bc5 $1 $15 {[%csl Rb3,Rf2] La finale est un
peu meilleure pour les Noirs qui ont une majorité éloignée et le P"b3" est
assez faible} 28. Rd2 Re7 29. Kf1 Bb4 30. Rd1 Kf7 (30... Rc7 $5 {[%cal Gc7c2]})
31. g3 g6 32. h4 a5 33. Bh8 Ke6 34. Ke2 Rc7 35. Bd4 b5 36. Kd3 Kd5 $1 37. f3 a4
38. bxa4 bxa4 39. Bh8 Rc8 40. Bg7 Rc7 41. Bh8 Rd7 42. Rc1 Bd6 43. f4 Rb7 44.
Rd1 h5 $1 {Fixant la majorité de l'aile-roi sur cases Noires} 45. Bc3 Ke6 {
[%cal Ge6g4]} 46. Kc2 a3 47. Re1+ Kf5 48. Re8 Rb8 (48... Kg4) 49. Re1 a2 50.
Ra1 Ra8 51. Rd1 (51. Kb3 Kg4 52. Be1 Ra3+ 53. Kb2 Kf3 54. Rd1 a1=Q+ 55. Rxa1
Rxa1 56. Kxa1 Ke2 57. Bc3 Kf2 $17) 51... Be7 52. Rd5+ Ke6 53. Re5+ Kf7 54. Ba1
$2 Bf6 55. Re1 Bxa1 56. Rxa1 Kf6 {[%cal Gf6f5,Gf5g4]} 0-1

[Event "Rohde op 09th"]
[Site "Sautron"]
[Date "2009.10.31"]
[Round "9"]
[White "Gharamian, Tigran"]
[Black "Koziak, Vitali"]
[Result "1-0"]
[WhiteElo "2611"]
[BlackElo "2475"]
[Annotator "Primel,D"]
[PlyCount "207"]
[EventDate "2009.10.24"]
[EventType "swiss"]
[EventRounds "9"]
[EventCountry "FRA"]
[SourceTitle "EXT 2010"]
[Source "ChessBase"]
[SourceDate "2010.11.25"]
[SourceVersion "1"]
[SourceVersionDate "2010.11.25"]
[SourceQuality "1"]

1. d4 d5 2. Nf3 Nf6 3. c4 c6 4. e3 e6 5. b3 c5 $5 {Comme les Blancs ont adopté
un plan assez lent avec e3 et b3, la perte de temps c6c5 est difficile а
exploiter par le GMI} (5... Nbd7 {la grande ligne} 6. Bb2 b6 7. Bd3 Bb7 8. O-O
Bd6 9. Nbd2 ({RR} 9. Nc3 O-O 10. Qc2 Re8 11. Rad1 Qe7 12. e4 dxe4 13. Nxe4 Nxe4
14. Bxe4 Nf6 15. Bd3 Ba3 16. Ba1 h6 17. Rfe1) 9... O-O 10. Ne5 Qe7 11. Qf3 Rfd8
12. Qh3 h6 13. f4 Bb4 ({RR} 13... c5) 14. Ndf3 Ne4 15. Nxd7 Rxd7 16. Ne5 Rc7
17. Bxe4 dxe4 18. c5 bxc5 19. a3 Ba5 20. dxc5 {Kramnik,V (2788)-Van Wely,L 
(2677)/Dortmund 2008/CBM 125/[Knaak]/1-0}) 6. cxd5 (6. Nbd2 {[%cal Gd2c4] Un
autre plan} cxd4 7. exd4 Nc6 8. Bb2 Be7 9. Bd3 O-O 10. O-O b6 11. Rc1 Bb7 12.
Qe2 $14) 6... Nxd5 $146 ({RR} 6... exd5 7. Bb5+ Nc6 (7... Bd7) 8. O-O Bd7 9.
Ba3 Qa5 10. Bxc6 Bxc6 11. Qc2 cxd4 12. Bxf8 Kxf8 13. Nxd4 Bd7 14. Qb2 Ke7 15.
b4 Qb6 16. Nc3 Rhc8 17. Qb3 Be6 18. a4 Rc4 19. Ncb5 a5 20. Rac1 Rac8 21. bxa5 {
Volkov,S (2594)-Papin,V (2462)/Voronezh 2009/Mega2009 Update 24/1/2-1/2 (60)})
7. Bb2 cxd4 8. Nxd4 Bb4+ $1 {[%csl Rc3] Forçant les Blancs а jouer le coup
passif Nd2 car avec un centre ouvert, il serait mieux placé en c3} (8... e5 9.
Nf3 Nc6 10. a3 (10. Nxe5 $6 Qa5+) 10... Bd6 $11) 9. Nd2 O-O (9... e5) 10. a3 $1
Be7 11. Qc2 (11. Bd3) 11... Bd7 12. Bd3 h6 13. Bh7+ Kh8 14. Be4 Nc6 15. Bxd5 $5
{le GMI veut jouer une partie technique} (15. O-O) (15. Nc4) 15... exd5 16.
N2f3 Rc8 {[%cal Gc8c2]} 17. Qd2 Bf6 (17... Nxd4 18. Nxd4 Qb6 {[%csl Rb3]} 19.
O-O Rfe8 {[%csl Ge4][%cal Ge7f6]} 20. Rac1 Bf6) 18. O-O Bg4 $132 19. Rac1 Qb6
20. h3 Bd7 21. Bc3 Nxd4 22. Bxd4 Bxd4 23. Nxd4 Qg6 24. Kh1 Qb6 25. Rxc8 Rxc8
26. Rc1 Rc5 27. Kg1 Kg8 28. a4 a5 $11 {[%csl Rb4]} 29. Qd1 Qc7 30. Rxc5 Qxc5
31. Qf3 {[%csl Rd5] Début d'une finale intéressante du N centralisé contre un
B pas trés bon mais c'est encore égal;} Qd6 32. Qh5 Be6 33. Qe2 Bd7 34. Qc2 b6
{[%cal Gd6c5]} 35. Qe2 Bc8 36. Qb5 Kf8 37. Qd3 Kg8 38. Qe2 Qc5 39. Qh5 Qc1+ 40.
Kh2 Qc7+ 41. g3 Qd6 42. Kg2 Qe7 43. Qe2 Qc5 44. Kh2 Kf8 45. Qh5 Qd6 46. Qh4 Qd7
47. Qh5 Qd6 48. Qf3 Kg8 49. Qe2 Qc5 50. Kg2 Qc7 51. Qb5 Kf8 52. Qd3 Kg8 53. Qe2
Qd6 54. g4 Qc7 55. Qb5 Kf8 56. f3 Qc5 57. Qd3 Kg8 58. h4 g6 (58... h5) 59. Ne2
Qe7 60. Qc3 Qc5 61. Qd2 Qe7 62. Qd4 Qc5 $1 63. Qd2 {Le GMI doit éviter
l'échange des Q car non seulement le B est moins bon que le N mais le couple Q
et N peut être dangereux pour le K noir.} Qe7 64. Nf4 Qxh4 65. Qd4 {[%csl Rb6]}
Bb7 (65... Qe1 $142 66. Qxb6 Qd2+ 67. Kf1 d4 $132 {[%cal Gd2f4]}) 66. Qxb6 Qe7
67. Kg3 h5 (67... d4) 68. gxh5 gxh5 {[%cal Ge7g5]} 69. Kf2 (69. Qxa5 $5 {
[%csl Ga4][%cal Ga4a8]} Qxe3 70. Qd8+ Kg7 71. Qg5+ {[%cal Gg5g7,Gg5e3]}) 69...
d4 $1 70. Qxd4 Qh4+ 71. Ke2 Ba6+ 72. Kd2 $16 Qf2+ 73. Kc3 Qxf3 74. Qe5 h4 $2 {
[%csl Gh4]} 75. Qg5+ Kf8 76. Qh6+ Ke8 77. Qxa6 Qxe3+ 78. Nd3 h3 79. Qa8+ Kd7
80. Qxa5 h2 81. Qh5 Qg1 82. Qxf7+ Kd8 83. Qf6+ Kc7 84. Qf4+ Kc6 85. Nf2 Qa1+
86. Kc4 Qf1+ 87. Kd4 Qa1+ 88. Ke4 Qb1+ 89. Kf3 h1=Q+ 90. Nxh1 Qxb3+ 91. Kf2
Qa2+ 92. Kg1 Qa1+ 93. Kg2 Qa2+ 94. Nf2 Kc5 95. Qe5+ Kb6 96. Qb5+ Ka7 97. Kf3
Qa3+ 98. Nd3 Qf8+ 99. Ke4 Qe7+ 100. Kd4 Qg7+ 101. Kc4 Qa1 102. Qd7+ Kb8 103.
Qd8+ Kb7 104. Nc5+ 1-0

[Event "Bergamo op 3rd"]
[Site "Bergamo"]
[Date "2004.07.25"]
[Round "7"]
[White "Prusikin, Michael"]
[Black "Borgo, Giulio"]
[Result "1-0"]
[WhiteElo "2517"]
[BlackElo "2409"]
[Annotator "Prusikin,M"]
[PlyCount "97"]
[EventDate "2004.07.22"]
[EventType "swiss"]
[EventRounds "7"]
[EventCountry "ITA"]
[SourceTitle "EXT 2015"]
[Source "ChessBase"]
[SourceDate "2014.11.20"]
[SourceVersion "1"]
[SourceVersionDate "2014.11.20"]
[SourceQuality "1"]

1. d4 d5 2. c4 e6 3. Nf3 Nf6 4. Bg5 c6 5. Nbd2 {Schließt die scharfen
Varianten (Moskauer und Botvinnik) aus.} Be7 6. e3 Ne4 $6 7. Bf4 $146 {Eine
brauchbare Neuerung.} ({Nichts sprach aber auch gegen} 7. Bxe7 Qxe7 8. Bd3 $14)
7... Bd6 8. Bxd6 Qxd6 9. Rc1 ({Die Engine plädiert für} 9. Nxe4 $1 dxe4 10. c5
$1 Qe7 11. Nd2 f5 12. Qh5+ Qf7 13. Qg5 O-O 14. Nc4 $16) 9... Nxd2 $6 {Ein
unlogischer Zug, der den Springer zum "Tempofresser" macht.} (9... f5 10. Be2
Nd7 11. O-O O-O) 10. Qxd2 Nd7 11. Bd3 dxc4 12. Rxc4 O-O 13. O-O {Weiß verfügt
nun über bequemen Vorteil, seine Aufgabe besteht darin, die beiden Hebel c6-c5
und e6-e5 zu unterbinden.} g6 14. Rd1 Re8 15. Bb1 Kg7 (15... e5 16. dxe5 Qxd2
17. Rxd2 Nxe5 18. Nxe5 Rxe5 19. Rd8+ Kg7 20. h4 $16) 16. Qc1 Qe7 {Diagramm [#]}
17. h3 $3 {Der "prophylaktischste" Zug, den ich jemals gemacht habe: Schwarz
plant Qe7-f6, gefolgt von e6-e5, genau dagegen ist der kleine Bauernzug
gerichtet!} Qf6 (17... e5 18. dxe5 Nxe5 19. Nxe5 Qxe5 20. Re4 $18) 18. Nh2 $1 (
18. e4 e5 19. a3 $16) 18... h5 (18... e5 {verbietet sich jetzt wegen} 19. Ng4
Qg5 (19... Qe7 20. Nxe5 Nxe5 21. dxe5 Qxe5 22. Re4 $18) 20. dxe5 Nxe5 21. f4
$18) 19. f4 $16 {Jetzt hat Weiß die Stellung völlig unter seine Kontrolle
gebracht. Es beginnt eine lange Manövrierphase, Schwächen im gegenerischen
Lager zu schaffen.} Nb6 20. Rc5 Nd5 21. Be4 (21. Nf3) 21... Bd7 (21... g5 $5
22. g3 $16 {bringt Schwarz keine Erleichterung.}) 22. Nf3 Red8 23. Ne5 Be8 24.
a3 Qe7 25. Rc2 f6 $6 {Der Ne5 war freilich schwer zu ertragen, aber jetzt
bekommt Weiß ein Angriffsziel: den Bauern g6.} 26. Nd3 Bf7 27. Bf3 Nc7 28. Rc5
Na6 29. Rc3 Nc7 30. Qd2 Rd6 31. Qe1 Rad8 32. Rdc1 Nd5 33. Rc5 Nb6 34. Qg3 Kf8
35. Be4 Qe8 (35... Nd5 $1 {wäre zäher gewesen und stellte nebenbei eine Falle
auf:} 36. Bxg6 $4 h4 $1 37. Qg4 Nxe3 $19) 36. b4 a6 37. R5c2 Kg7 38. Rf2 Nd5
39. Nc5 Qe7 40. Bb1 Re8 41. Rcf1 Kh6 $2 {Wie so oft, kommt der entscheidende
Fehler nach der Zeitkontrolle!} 42. e4 $1 Nb6 43. e5 Rdd8 (43... Rxd4 44. Qe3
$18) 44. exf6 Qxf6 45. Nxb7 Rxd4 46. Na5 Rc8 47. Nb3 Rd5 48. Be4 Rdd8 49. f5 $1
(49. f5 exf5 50. Bxf5 $18) 1-0

[Event "Pula zt 1.2"]
[Site "Pula"]
[Date "2000.04.18"]
[Round "7"]
[White "Psakhis, Lev"]
[Black "Pavasovic, Dusko"]
[Result "1/2-1/2"]
[WhiteElo "2599"]
[BlackElo "2544"]
[Annotator "Psakhis,L"]
[PlyCount "50"]
[EventDate "2000.04.11"]
[EventType "swiss"]
[EventRounds "11"]
[EventCountry "CRO"]
[SourceTitle "CBM 077"]
[Source "ChessBase"]
[SourceDate "2000.07.27"]
[SourceVersion "1"]
[SourceVersionDate "2000.07.27"]
[SourceQuality "1"]

1. c4 e6 2. Nf3 d5 3. d4 c6 4. Qc2 {It looks that just after} (4. Nc3 {White
can pretend for advantage.}) 4... Nf6 5. Bg5 (5. g3 dxc4 6. Qxc4 b5 7. Qc2 Bb7
$11) 5... h6 6. Bh4 dxc4 7. Qxc4 b5 8. Qc2 Bb7 9. e3 ({Pavasovic had already
negative experience in this line - he was crashed after} 9. Bxf6 gxf6 (9...
Qxf6 10. e3 Nd7 11. Nc3 a6 12. Bd3 Bd6 13. O-O Qe7 14. Rac1 Rc8 15. Rfd1 c5 16.
dxc5 Nxc5 17. Nxb5 $1 axb5 18. Bxb5+ Kf8 19. b4 Bxf3 20. gxf3 Qg5+ 21. Kf1 Ke7
22. bxc5 Rxc5 23. Qd3 Rd5 {Speelman,J-Sherbakov,R/Calcutta op 1996/ /1/2-1/2 
(43)}) 10. e4 Nd7 11. Be2 a6 12. O-O Bd6 13. Nc3 Qc7 14. Rad1 c5 15. d5 $36 {
1-0 Vera,R-Pavasovic,D/Elista (ol) 73/(451) 1998/ (28) but I sure that he
found already improvement for black}) 9... Nbd7 10. Nbd2 Qb6 $146 {[%mdl 8]} (
10... a6 11. a4 Rc8 12. Qb3 Be7 13. Be2 O-O 14. O-O b4 15. Rad1 c5 16. Nc4 Bd5
17. a5 cxd4 18. exd4 Ne4 19. Bxe7 Qxe7 20. Rc1 Rc6 21. Qe3 Rfc8 22. Nfe5 Nxe5
23. Nxe5 Rxc1 24. Rxc1 Qb7 25. f3 {Ioseliani,N-Cosma,E/Warsaw Hugart op w 1999/
1/2-1/2 (49)}) (10... Rc8 11. Be2 c5 12. Bxf6 gxf6 13. d5 $1 Bxd5 14. Bxb5 Bd6
15. e4 Bc6 16. Nc4 Nb6 17. Bxc6+ Rxc6 18. O-O Ke7 19. Rad1 Nxc4 20. Qxc4 Qb8
21. b3 Qb4 22. Qe2 Rg8 23. Rc1 Qa3 24. Rc2 Qa6 25. Rc4 {Ibragimov,I-Filippov,V/
RUS-ch Elista 1996/ 1-0 (68)}) 11. Be2 Rc8 {[%cal Gc6c5]} 12. Qb3 {Desperately
trying to stop c5} a5 $1 {[%cal Ga5a3]} 13. a3 Be7 14. O-O O-O 15. Ne5 a4 $1 {
Much stonger than} (15... Nxe5 16. dxe5 Nd5 17. Bxe7 Nxe7 18. Nc4 $1 Qc7 19.
Nd6 $36 {[%csl Gd6] and white's knight is very strong}) 16. Qd3 {[%cal Ge2b5]
I made this awkward move after very long cogitation.} ({Logical} 16. Qc2 $5 {
meets interesting} g5 $5 ({also possible and} 16... Rfd8 {but after} 17. Nxd7
Rxd7 18. Bxf6 gxf6 (18... Bxf6 19. Ne4 Be7 20. Nc5 {[%csl Rb7]}) 19. Qd3 (19.
b4 axb3 20. Qxb3 (20. Nxb3 c5 21. dxc5 Bxc5 22. Qb2 $1 (22. Nxc5 $6 Rxc5 23.
Qb2 Rg5 24. g3 Qc6 25. f3 Qc5 $36) 22... Be7 23. Nd4 b4 $11)) 19... Ba6 $140
20. b4 $1 {white's chances are slightly better-} axb3 21. Nxb3 c5 22. Nxc5 Bxc5
23. dxc5 Qc6 (23... Rxd3 24. cxb6 Rd6 25. b7 Rb8 26. Rfd1) 24. Qb3 Qxc5 25.
Rfd1 $14) 17. Ng6 $1 {Only move!} (17. Nxd7 Nxd7 18. Bg3 c5) 17... Rfe8 $1 ({
Black can't accept sacrifice -} 17... fxg6 18. Qxg6+ Kh8 19. Qxh6+ Nh7 20. Bd3
$1 Rf7 (20... Ndf6 21. Bxg5 Qc7 22. Bf4 Bd6 23. Bxd6 Qxd6 24. Ne4 Nxe4 25. Bxe4
Rc7 26. Rac1 $36 {[%cal Gf2f4,Gc1c5]}) 21. Qxe6 $40) 18. Nxe7+ (18. Bg3 c5)
18... Rxe7 19. Bg3 c5 20. Qd3 cxd4 21. exd4 Qc6 22. Bf3 Nd5 $13) 16... Nxe5 17.
dxe5 Rcd8 $1 {More accurate than} (17... Rfd8 18. Qc2 Nd5 (18... Ne4 19. Nc4 $5
(19. Nxe4 Bxh4 20. Nd6 Rc7 21. Rac1) 19... bxc4 20. Bxe7 Rd2 21. Qxc4 $16) 19.
Bxe7 Nxe7 20. Ne4 {[%cal Ge4d6]}) 18. Qc2 Nd5 (18... Ne4 $2 19. Bxe7 Rxd2 20.
Qxe4 Re8 21. Bd3 $18) 19. Bxe7 Nxe7 {[%cal Gc6c5]} 20. Ne4 $8 Rd5 21. Qc3 Ba6
$1 {[%cal Rb5b4]} (21... c5 22. Nd6 b4 23. Qc2 $1) 22. Rfe1 $8 Ng6 {[%csl Re5]}
({I think that after} 22... c5 23. Nd6 b4 24. Qc2 Rxe5 25. Nc4 Bxc4 26. Bxc4 b3
27. Qe2 Rd8 28. Red1 $44 {[%csl Re5] White has enough compensation for the
pawn.}) 23. Rac1 $1 (23. f4 $4 Nxf4 $1) 23... Nxe5 24. Nc5 Rfd8 (24... Nc4 $5
25. Nxa6 Qxa6 26. Bxc4 bxc4 27. Qxc4 Qxc4 28. Rxc4 Rb8 29. Rxa4 Rxb2 30. Rc4
$11) 25. Qb4 $5 $138 Rb8 {I had at this moment less than 2 minutes left and
accept drawish proposal.} (25... Nd7 26. Nxa4 bxa4 27. Qxb6 Nxb6 28. Bxa6 Rd2
$11) (25... Qa7 26. e4 Rd4 27. Qa5 Ra8 28. Qc3 Rad8 29. Qa5 $11) (25... Rb8 {
Surely that after} 26. e4 Rdd8 27. Red1 $1 Qa7 $5 (27... Rxd1+ 28. Rxd1 Bc8 29.
Qd4) (27... Bc8 28. Rxd8+ Qxd8 29. Nxa4 Qg5 30. Rc2 Nd7 31. Nc5 $14) 28. g3 $44
{White has full compensation for a pawn.} (28. Qc3 b4 (28... Nc4 29. Qb4 $11)))
1/2-1/2

[Event "Rohde op 07th"]
[Site "Sautron"]
[Date "2007.10.31"]
[Round "6"]
[White "Hetey, Laszlo"]
[Black "Govciyan, Pavel"]
[Result "0-1"]
[WhiteElo "2359"]
[BlackElo "2417"]
[Annotator "RR"]
[PlyCount "60"]
[EventDate "2007.10.27"]
[EventType "swiss"]
[EventRounds "9"]
[EventCountry "FRA"]
[SourceTitle "EXT 2008"]
[Source "ChessBase"]
[SourceDate "2007.11.25"]
[SourceVersion "1"]
[SourceVersionDate "2007.11.25"]
[SourceQuality "1"]

1. d4 d5 2. Nf3 c6 3. c4 e6 4. Qc2 Nf6 5. e3 ({RR} 5. cxd5 exd5 ({RR} 5... cxd5
6. Bg5 Nc6 7. Nc3 Be7 8. e3)) ({RR} 5. a3 Bd6 6. Bg5 Nbd7 7. g3 O-O ({RR} 7...
Nb6 8. c5)) (5. g3 {retombe sur une Catalane}) 5... Ne4 {Une variante peu
jouée.} ({RR} 5... Nbd7 6. b3 Bd6 7. Bb2 b6 ({RR} 7... O-O 8. Nbd2 Qe7 9. Bd3
e5 10. cxd5 cxd5 11. dxe5 Nxe5 12. Nxe5 Bxe5 13. O-O Bg4 14. Rac1 Rac8 15. Qb1
Rfd8 16. h3 Bh5 17. Bf5) 8. Bd3 ({RR} 8. Be2 Bb7 9. Nc3 Rc8 10. O-O O-O 11.
Rfd1 Qe7 12. e4 dxe4 13. Nxe4 Nxe4 14. Qxe4) 8... Bb7 9. Nc3) ({RR} 5... b6 6.
Nc3 Bb7 7. Be2 Qc7 8. b3 Nbd7 9. Bb2 Bd6 10. e4 e5 11. Rd1 O-O 12. exd5 cxd5
13. Nb5 Bb4+ 14. Kf1 ({RR} 14. Bc3 Bxc3+ 15. Qxc3 Qb8 ({RR} 15... exd4 16. Nxc7
dxc3 17. Nxa8 Rxa8 18. Rc1) 16. dxe5)) 6. Bd3 ({RR} 6. Nc3 f5 7. Ne5 ({RR} 7.
Bd3 Na6 ({RR} 7... Bd6 8. O-O O-O 9. b3) 8. a3 Qa5 9. Ra2 ({RR} 9. O-O Nb4)
9... Nxc3 10. bxc3 Bd6 11. O-O) 7... Nd7 8. Nd3 ({RR} 8. Nxd7 Bxd7 9. Be2 Bd6
10. O-O O-O 11. f4) 8... Bd6 9. Nf4 ({RR} 9. c5 Bc7 10. b4 O-O 11. Be2 e5) 9...
Ndf6 ({RR} 9... Qe7 10. Bd2 ({RR} 10. f3 Nxc3 11. bxc3 e5) 10... O-O 11. Be2
Ndf6 12. O-O e5 13. dxe5 Qxe5 14. cxd5 g5 15. Nxe4 Nxe4 16. dxc6 bxc6 17. Rfd1
gxf4 18. exf4 Qe7 19. Qxc6 Be6) 10. f3 Nxc3 11. bxc3 ({RR} 11. Qxc3 Qe7 12. Bd2
e5 13. Nd3 exd4 14. Qxd4 c5 15. Qh4 d4 16. Qf2 b5) 11... O-O 12. Bd3 Kh8 ({RR} 
12... e5 13. dxe5 ({RR} 13. Nh3 e4) 13... Bxe5 14. O-O Qe7 ({RR} 14... Qd6 15.
Qb3 Re8 16. Kh1 Nd7 17. Ba3 Nc5 18. Qc2 b6) ({RR} 14... Qb6 15. Kh1 Qc5 16. Qb3
Re8 17. Rb1) 15. Qb3 Bxf4 16. exf4 Re8 17. cxd5 Nxd5 18. c4 Nb4) 13. O-O Bd7
14. c5 Bc7 15. c4 ({RR} 15. Rb1 b5 16. a4 a6 17. Be2 ({RR} 17. Bd2 e5 18. Nh3 (
{RR} 18. Ne2 e4) 18... f4 19. dxe5 fxe3 20. Bxe3 Bxe5 21. Bd4 ({RR} 21. Nf2 Qc7
) 21... Bxd4+ 22. cxd4 Bxh3 23. gxh3 Qc7) 17... e5 18. Nd3 e4 19. Nf4 g5 20.
Nh3 exf3 ({RR} 20... h6 21. f4) 21. gxf3 h6) 15... g5 ({RR} 15... e5 16. dxe5
Bxe5 17. Bb2 Qe7 ({RR} 17... Bxf4 18. exf4 Qa5 19. Bd4 Rae8 20. Rab1 Bc8 21.
Rfd1) 18. Bxe5 Qxe5 19. Rfe1 dxc4 20. Qxc4 Rad8) 16. Ne2 g4 ({RR} 16... e5 17.
Bxf5 ({RR} 17. cxd5 Nxd5 18. Rb1) 17... dxc4 18. Bxd7 Qxd7 19. Qxc4) 17. Nf4
Rg8 ({RR} 17... e5 18. dxe5 Bxe5 19. Rb1) 18. Kh1 ({RR} 18. Rb1 gxf3 19. Rxf3
b6 20. cxd5 cxd5 21. Ba3 Ng4) 18... Qe8 ({RR} 18... b6 19. cxd5 cxd5 20. Ba3) (
{RR} 18... dxc4 19. Bxc4) 19. e4 ({RR} 19. Rb1 Rb8 20. cxd5 cxd5 21. Ba3) 19...
gxf3 20. gxf3 Nh5 {Azmaiparashvili,Z (2645)-Krasenkow,M (2645)/Groningen 1997/
CBM 063/[Tsesarsky]/1-0 (42)} {RR} 21. Ng2 Ng3+ 22. hxg3 Qh5+ 23. Kg1 Bxg3 24.
Ne3 fxe4 25. fxe4 dxc4 26. Bxc4 Bf4+ 27. Kf2 ({RR} 27. Ng2 Qh2+) 27... Bxe3+
28. Kxe3 ({RR} 28. Bxe3 Qh2+) 28... Rg3+ 29. Kd2 Rg2+) ({RR} 6. Be2 Nd7 ({RR} 
6... f5 7. O-O Bd6 8. b3 Qe7 9. a4 a5 10. Ba3 Bxa3 11. Nxa3 O-O 12. Qb2 Nd7 13.
Nc2 g5 14. Nce1 Rf6 15. Nd3 Rh6 16. Nfe5 Nxe5 17. Nxe5 g4 18. g3) 7. O-O Bd6 8.
Nc3 f5 9. Rb1 Qe7 10. a3 O-O 11. b4 a6 12. Qb3 b5 13. cxd5 Nxc3 14. Qxc3 cxd5
15. Ne1 Nb6 16. Nd3) 6... f5 7. g4 $5 ({RR} 7. O-O Nd7 ({RR} 7... Bd6 8. b3 Qe7
9. Bb2 ({RR} 9. a4 Na6 ({RR} 9... a5 10. Ba3 Na6 11. Bxd6 Qxd6 12. c5 Qc7 13.
Be2 Nb4 14. Qb2) 10. c5 Nb4 11. cxd6 Nxc2 12. dxe7 Nxa1 13. Nbd2 e5 ({RR} 13...
c5 14. Ba3 Nxb3 15. Bb5+ Bd7 16. Bxd7+ Kxd7 17. Nxb3 c4 18. Ne5+ Kc7 19. f3
cxb3 20. fxe4 dxe4 21. Rb1 {RR} Rac8 22. Rxb3 b6 23. h4 Rhg8 24. Kh2 g6 25. a5
bxa5 26. Rb5 a4 27. Bc5 Rge8 28. Ra5 a6 29. Rxa4 Ra8 30. Kg3 a5 31. Kf4 Kb7 32.
Nd7 Kc6 33. Nf6 Reb8 34. Ke5 Kb5 35. Ra1 Kc4 36. Kxe6 {Kiss,P (2440)-Dudas,J 
(2310)/Hungary 1994/TD/1-0 (37)}) 14. Bb2 Nxd2 15. Nxd2 e4 16. Bb1 Nxb3 17.
Nxb3 Kxe7 18. Ba3+) 9... Nd7 10. Ne5 Nxe5 11. dxe5 Bc5 12. Nc3 Nxc3 13. Bxc3
O-O 14. cxd5 exd5 15. Bd4 Ba3 16. f4 c5 17. Bb2 Bxb2 18. Qxb2 Be6) 8. b3 Be7 9.
Ba3 O-O 10. Bxe7 Qxe7 11. Nbd2 g5 12. Ne5 Nxe5 13. dxe5 Qc7 14. f4 gxf4 15.
Bxe4 fxe4 16. exf4 Bd7 17. Qc3 Rf7 18. c5 a5 19. a3 b6 20. b4 bxc5 21. bxc5 a4
{Flohr,S-Bondarevsky,I/Parnu 1947/MCL/0-1 (41)}) ({RR} 7. Ne5 Nd7 8. Nxd7 Bxd7
9. O-O ({RR} 9. f3 Qh4+ 10. g3 Nxg3 11. Qf2 f4 12. e4 ({RR} 12. exf4 Nf5 13.
Bxf5 Qxf2+ 14. Kxf2 exf5 15. cxd5) 12... Be7 13. Rg1 Nh5)) (7. Nc3) 7... Na6
$146 {[%cal Ga6b4]} (7... Bd6 8. Rg1 O-O 9. g5 b6 10. b3 Bb7 11. Bb2 Qe7 12.
Nbd2 a5 13. h4 Nd7 14. Ne5 Nxe5 15. dxe5 Bb4 {Milanovic,D (2378)-Tosic,M (2503)
Srbia-chT Jahorina 0-1}) 8. a3 (8. gxf5 Nb4 9. Qb3 Nxd3+ 10. Qxd3 exf5 (10...
Bd6) (10... Be7)) 8... Bd6 9. gxf5 O-O $1 10. Nc3 exf5 11. cxd5 cxd5 12. Nb5
Be7 13. Ne5 Bh4 14. Rf1 Be6 15. Nc3 Rc8 16. Nf3 {les blancs hésitent beaucoup
dans le choix du plan} Be7 17. Bd2 Nb8 18. Ne5 Nc6 19. Nxc6 Rxc6 $15 20. f3
Bh4+ 21. Ke2 Bf7 (21... Qg5 $17) 22. Kd1 Nf2+ 23. Kc1 Nxd3+ 24. Qxd3 f4 $36 25.
e4 $2 Bg6 $2 {[%cal Gg6d3]} (25... dxe4 26. fxe4 Bc4 $19 {[%cal Gc4f1]}) 26.
Be1 Bxe1 27. Rxe1 dxe4 28. fxe4 Qh4 29. Qf1 $2 (29. Kc2) 29... f3 $40 30. d5 $2
Bxe4 $1 {[%csl Rc3][%cal Gc6c3,Gc6c1]} 0-1

[Event "Rohde op 07th"]
[Site "Sautron"]
[Date "2007.11.01"]
[Round "7"]
[White "Vavrak, Peter"]
[Black "Koziak, Vitali"]
[Result "0-1"]
[WhiteElo "2454"]
[BlackElo "2437"]
[Annotator "RR"]
[PlyCount "76"]
[EventDate "2007.10.27"]
[EventType "swiss"]
[EventRounds "9"]
[EventCountry "FRA"]
[SourceTitle "EXT 2008"]
[Source "ChessBase"]
[SourceDate "2007.11.25"]
[SourceVersion "1"]
[SourceVersionDate "2007.11.25"]
[SourceQuality "1"]

1. d4 Nf6 2. c4 e6 3. Nf3 d5 4. e3 a6 5. Nbd2 (5. Nc3) 5... c5 6. b3 ({RR} 6.
cxd5 exd5 7. b3 cxd4 8. Nxd4 Bb4 9. Qc2 O-O 10. Be2 Bd7 11. O-O Nc6 12. Nxc6
Bxc6 13. a3 Ba5 14. Bb2 Rc8 15. Bd4 Bb5 16. Qd1 Bxe2 17. Qxe2 Bc3 18. Bxc3 Rxc3
19. Rac1 d4 20. exd4 Qxd4 {Gustafsson,J (2615)-Anand,V (2788)/Germany 2006/CBM
112/[Mueller,Karsten]/0-1 (39)}) 6... Nbd7 $146 ({RR} 6... Nc6 7. Bb2 cxd4 8.
exd4 g6 {RR} 9. g3 Bg7 10. Bg2 O-O 11. O-O b6 12. Ne5 Bb7 13. Qe2 Rc8 14. Rfd1
dxc4 15. Ndxc4 b5 16. Bxc6 Bxc6 17. Nxc6 Rxc6 18. Ne5 Rc8 19. a4 Qd5 20. axb5
axb5 21. Ra5 Qxb3 22. Rxb5 Qc2 23. Qxc2 Rxc2 {Kempinski,R (2608)-Gustafsson,J 
(2603)/Mallorca 2004/CBM 104/1/2-1/2}) (6... cxd4) 7. Bb2 Bd6 8. cxd5 exd5 9.
Rc1 O-O 10. Bd3 Qe7 $11 11. Qc2 b6 12. O-O Bb7 13. Rfe1 Ne4 14. Nf1 f5 {
[%csl Ge4][%cal Ga8e8]} 15. Ng3 Rae8 16. Nh5 {[%cal Gd4c5,Gh5g7,Gb2g7]} g6 17.
Ng3 h5 $15 18. Ba1 h4 $36 19. Nf1 g5 20. Qb2 {[%cal Gd4c5]} Kh7 21. dxc5 bxc5
22. N3d2 Ne5 23. Qc2 Nxd3 $17 24. Qxd3 h3 25. g3 g4 {[%csl Rf3,Rf4]} 26. f3
gxf3 27. Nxf3 Rg8 28. Rc2 Rg4 29. b4 c4 30. Qe2 Reg8 {[%cal Ge4g3,Gd6g3]} 31.
Bd4 Bc6 32. Rb2 Bb5 33. Qc2 c3 34. Rb3 Bxg3 $1 35. hxg3 Rxg3+ 36. Nxg3 Rxg3+
37. Kh1 Rxf3 38. Rxc3 Nf2+ 0-1